Environmental science : (Record no. 18414)
[ view plain ]
| 000 -LEADER | |
|---|---|
| fixed length control field | 00476nam a2200157 a 4500 |
| 040 ## - CATALOGING SOURCE | |
| Transcribing agency | OrPLiC |
| 082 00 - DEWEY DECIMAL CLASSIFICATION NUMBER | |
| Classification number | 363 WCB 1997 C144 Or. |
| 100 1# - MAIN ENTRY--AUTHOR NAME | |
| Personal name | Cunningham, William P. |
| 245 10 - TITLE STATEMENT | |
| Title | Environmental science : |
| Remainder of title | a global concern / |
| 250 ## - EDITION STATEMENT | |
| Edition statement | 4th ed. |
| 260 ## - PUBLICATION, DISTRIBUTION, ETC. (IMPRINT) | |
| Place of publication | Dubuque, IA : |
| Name of publisher | Wm. C. Brown Publishers, |
| Year of publication | c1997. |
| 300 ## - PHYSICAL DESCRIPTION | |
| Number of Pages | xxi, 634 p. : |
| Other physical details | ill. (some col.), col. maps ; |
| Dimensions | 28 cm. |
| 650 #0 - SUBJECT ADDED ENTRY--TOPICAL TERM | |
| Topical Term | Environmental sciences. |
| 700 1# - ADDED ENTRY--PERSONAL NAME | |
| Personal name | Saigo, Barbara Woodworth. |
| 942 ## - ADDED ENTRY ELEMENTS (KOHA) | |
| Koha item type | ADB |
| 952 ## - LOCATION AND ITEM INFORMATION (KOHA) | |
| Withdrawn status [LOCAL, KOHA] | 0 |
| Source of acquisition | Permanent Location | Date acquired | Koha item type | Lost status | Shelving location | Current Location | Full call number |
|---|---|---|---|---|---|---|---|
| A39263 | Library Block C | 2019-11-25 | ADB | C144 | Library Block C | 363 WCB 1997 C144 Or. |